1407 1337 1430 1036 1191 1815 1117 1049 1456 1243 1230 1810 1038 1939 1999 1381 1140 1907 1017 1509 1949 1089 1170 1362 1641 1568 1140 1351 1592 1729 1685 1996 1829 1395 1844 1054 1228 1860 1283 1025 1828 1795 1970 1146 1436 1152 1986 1946 1048 1659 1244 1685 1858 1872 1766 1064 1489 1561 1005 1021 1583 1562 1320 1381 1847 1261 1755 1564 1490 1753 1331 1850 1677 1279 1117 1123 1474 1268 1192 1163 1691 1130 1371 1057 1130 1117 1628 1282 1377 1987 1862 1195 1796 1130 1114 1027 1720 1249 1853 BCNSPRNW ULIB Ver.6.0+V

เปลี่ยนเป็นภาษาไทย

Change to English
 แสดงรายละเอียดบรรณานุกรม
  กลับหน้าหลัก

Brief Record : Get Marc (ISO 2709) : E-mail record : QR code < ปิดหน้าต่าง
LEADER : 00000nam 2200000uu 4500
001    13399122592
003     ULIB
008    020711s2545 th a 000 0 tha d
020    9741401248
090    นว.^bม111จ
100    แมรี่ นอร์ตั้น ;^eเขียน
245    จิ๋วชาวทุ่ง /^cแมรี่ นอร์ตั้น ; เขียน,สุทธิ โสภา ; แปล
260    กรุงเทพฯ :^bผีเสื้อ,^c2545
300    286 หน้า
700    สุทธิ โสภา ;^eแปล
945    ^p184^l0^i20038
999    ^aทศพร เกษรทอง
รายการนี้ยังไม่มีแท็ก
คุณยังไม่ได้ล็อกอิน คุณสามารถมีกิจกรรมร่วมกับเว็บไซต์ได้ แต่ต้องล็อกอินก่อน ::
  ล็อกอิน

รายการสื่อสารสนเทศ

ลำดับที่ ประเภท เลขเรียก/บาร์โค้ด สถานที่ สถานะ
1. นวนิยาย
นวนิยาย
นว. ม111จ ฉ.1 
  Barcode: 20038
ห้องสมุดวิทยาเขตสวรรค์ประชารักษ์
►นวนิยาย
บนชั้น
  ขอยืม

BibComment


ยังไม่เคยถูกคอมเมนท์

คอมเมนท์ทรัพยากรรายการนี้
  คอมเมนท์: จิ๋วชาวทุ่ง แมรี..


 Copyright 2026. Bcnsprnw @Library